Statystyki dla Najpopularniejsze piosenki Bedoesa

Kliknij tutaj aby rozwiązać quiz!

Ogólne statystyki

  • Ten quiz został rozwiązany 184 razy
  • Średni wynik to 5 z 10

Statystyki odpowiedzi

HintOdpowiedź% Poprawnych
77 mlnJesteś ładniejsza niż na zdjęciach
72%
111 mlnEldorado
66%
42 mlnOpowieści z Doliny Smoków
57%
62 mln05:05
49%
35 mlnVOGUE
45%
29 mln1998
43%
36 mlnBiały i młody
37%
32 mlnDelfin
36%
44 mlnJanosik
36%
44 mlnNadchodzi Lato
34%

Rozkład punktacji

Percentyl według liczby udzielonych odpowiedzi

Procent ludzi z każdym wynikiem

Twoja historia wyników

Nie rozwiązałeś tego quizu